000 00400nam a22001457a 4500
020 _a9789692208529
082 _a297.082
_bAZE
100 _aAzeemi, Khawaja Shams Ul Deen
245 _aKhawateen Ke Masail
260 _aKarachi :
_bAzeemi University Press,
_c2022.
300 _a298 p. ;
_c22 cm.
563 _aHBK.
880 _6245-02\r
_aخواتین کے مساۂل
942 _2ddc
_cBK
999 _c595027
_d595027